000 00562nam a2200169 4500
001 126787
003 ES-MaACL
005 20230906192900.0
007 t|
008 070214s1964 sp r ||||1| spa d
100 1 _aRevuelta Sañudo, Manuel.
_996467
245 1 3 _aEl Concilio Vaticano II y su paralelismo con el Concilio de Jerusalén /
_cconferencia leída por Manuel Revuelta Sañudo.
260 _aSantander :
_bAteneo de Santander,
_c1964.
300 _a28 p. ;
_c24 cm.
710 2 _aAteneo de Santander.
_92024
852 _aES-MaACL
_j2053-F-3
_bR.54725
999 _c126787
_d126787